Agricultura urbana /
El consumo y venta de vegetales cultivados en huertos urbanos o cercanos a las ciudades es una práctica cada vez más común. Se presenta como una alternativa para enfrentar los problemas de la pobreza y desnutrición en los países en vías de desarrollo, a la vez que para contrarrestar, en parte, los p...
Uloženo v:
| Hlavní autor: | |
|---|---|
| Další autoři: | , , |
| Médium: | |
| Jazyk: | španělština |
| Vydáno: |
Guadalajara, México :
ITESO, Unidad de Producción Audiovisual y Multimedia,
2001, c2001
|
| Témata: | |
| Tagy: |
Žádné tagy, Buďte první, kdo vytvoří štítek k tomuto záznamu!
|
MARC
| LEADER | 00000ngm^a2200000^a^4500 | ||
|---|---|---|---|
| 001 | 000136161 | ||
| 005 | 20250521000000.0 | ||
| 009 | 20260310095308.441 | ||
| 037 | |a Acervo ITESO - Biblioteca | ||
| 041 | |a ESP | ||
| 082 | |a 630. 1732 |b AGR V. 2 | ||
| 100 | |a Fuentes, Alberto |e (autor) | ||
| 240 | 1 | 1 | |a [Agricultura urbana] |
| 245 | 1 | 0 | |a Agricultura urbana / |c A. Fuentes. |
| 264 | 4 | |a Guadalajara, México : |b ITESO, Unidad de Producción Audiovisual y Multimedia, |c 2001, c2001 | |
| 300 | |a 1 videocasete VHS |c (22 min.) | ||
| 336 | |a imagen móvil bidimensional |b tdi |2 rdacontenido | ||
| 337 | |a video |b v |2 rdamedio | ||
| 338 | |a videocasete |b vf |2 rdasoporte | ||
| 520 | |a El consumo y venta de vegetales cultivados en huertos urbanos o cercanos a las ciudades es una práctica cada vez más común. Se presenta como una alternativa para enfrentar los problemas de la pobreza y desnutrición en los países en vías de desarrollo, a la vez que para contrarrestar, en parte, los problemas de contaminación de las grandes urbes. A lo largo de estos dos programas se ofrece información sobre formas de cultivo en pequeña escala, así como técnicas compatibles con el medio ambiente, que incluyen el reciclaje de desechos naturales. | ||
| 649 | |a XX | ||
| 650 | |a Cultivos | ||
| 650 | |a Verduras y Legumbres - |x Aspectos Económicos | ||
| 650 | |a Industria Alimenticia | ||
| 650 | |a Zonas Urbanas | ||
| 650 | |a Agricultura | ||
| 700 | |a Bernardo Hernández, María de Jesús |e (guión) | ||
| 700 | |a Aldana Yáñez, Pascual |e (fotógrafo) | ||
| 700 | |a Orozco Barba, Humberto |e (dirección general) | ||
| 910 | |a Fondo General | ||
| 920 | |a Audiovisuales - Videocasetes | ||
| 905 | |a 301 | ||
| 901 | |a 0500062974 |b IT2 |c VIS |u 20250521 | ||
| 902 | |a https://opac.biblio.iteso.mx/vufind/Record/000136161 | ||